00878nam a22001817a 4500003000900000008004100009040007100050082001500121110004200136245005700178260007400235300004900309440004400358505021500402650003300617650002500650650002100675AR-CdUCM190606b ||||| |||| 00| 0 spa d aMUNICIPALIDAD PROVINCIAL DEL CUSCOcBIBLIOTECA MUNICIPAL DEL CUSCO a382 /bI61 aInstituto nacional de planificación aIntercambio comercial con los países socialistas / aLima :bDepartamento de información y relaciones Públicas,c1974. a222 páginas ;bGráficos, cuadrosc30 cm. aDepartamento del comercio internacional aContenido : Modalidad de la política comercial de los países de economía centralmente planificada -- El comercio exterior del Perú y su intercambio con países de economía centralmente planificada... aComercio exterior del Perú aPolítica comercial aAmérica latina